Solón de Atenas
Kaydedildi:
| Yazar: | |
|---|---|
| Materyal Türü: | Kitap |
| Dil: | İspanyolca |
| Baskı/Yayın Bilgisi: |
Barcelona, España
Crítica
2001
|
| Seri Bilgileri: | Crítica Arqueología
|
| Konular: | |
| Etiketler: |
Etiketle
Etiket eklenmemiş, İlk siz ekleyin!
|
MARC
| LEADER | 00000nam a2200000 a 4500 | ||
|---|---|---|---|
| 001 | UCM2512 | ||
| 003 | CL-VaPUC | ||
| 005 | 20210602001450.0 | ||
| 008 | 020607e20010000SP |||||||||||||||||spa|d | ||
| 999 | |c 300349 |d 300347 | ||
| 040 | |c Pontificia Universidad Católica de Valparaíso | ||
| 082 | 0 | 4 | |a 923.2 DOM 2001 |2 21 |
| 100 | 0 | |a Domínguez Monedero, Adolfo J |e author |9 469299 | |
| 245 | 1 | 0 | |a Solón de Atenas |
| 260 | |a Barcelona, España |b Crítica |c 2001 | ||
| 300 | |a 301 páginas | ||
| 490 | 0 | |a Crítica Arqueología | |
| 583 | |a last modification |c 20020607 00:00:00 |k Rodrigo Vera | ||
| 600 | 0 | 7 | |a SOLON |2 CL-VaPUC |9 335211 |
| 650 | 7 | |a POLITICOS |2 CL-VaPUC |9 464014 | |
| 650 | 0 | |a Biografías |9 255210 | |
| 650 | 7 | |a HISTORIA POLITICA DE GRECIA |2 CL-VaPUC |9 469300 | |
| 651 | 0 | |a Grecia |9 265314 | |
| 942 | |c BK |2 ddc | ||
| 945 | |d 20020607 00:00:00 |a cmena | ||
| 952 | |0 0 |1 0 |4 0 |6 923_200000000000000_DOM_2001 |7 0 |8 A |9 358011 |a BIBHIS |b BIBHIS |d 2019-11-21 |i 3814181 |l 1 |o 923.2 DOM 2001 |p 3814181 |r 2025-01-20 |s 2023-06-23 |w 2019-11-21 |y BK |k HIS | ||